| 000 | 00723nac a22002171u 4500 | ||
|---|---|---|---|
| 010 | _a 94065979 | ||
| 082 |
_a658.27 _bCHA |
||
| 090 |
_c6032 _d6032 |
||
| 100 | _aChadderton, D. V. | ||
| 245 | 1 | 0 |
_aBuilding services engineering / _cD.V. Chadderton |
| 250 | _a2nd ed. | ||
| 260 |
_aNew York : _bE & FN Spon, _c1996. |
||
| 300 |
_ap. _ccm. |
||
| 500 | _aDistributer: Al-Ahram. | ||
| 511 | _aCatalogued By: Mahitab. | ||
| 650 | _aBuildings--Mechanical equipment--Evaluation--Data processing. | ||
| 650 | _aBuildings--Performance--Evaulation--Data processing. | ||
| 650 | _aElectronic spreadsheets. | ||
| 650 | _aEngineering mathematics--Formulae. | ||
| 942 |
_cBB _k658.27CHA |
||
| 999 |
_c6032 _d6032 |
||